| 000 | 01123cab a2200325 4500 | ||
|---|---|---|---|
| 001 | ABS55231 | ||
| 008 | 090401t1996 xxu||||| |||| 00| 0 eng d | ||
| 035 | _a(Sirsi) u14983 | ||
| 041 | _aeng | ||
| 100 | _aGoodchild, B. | ||
| 245 | _aImpact fees | ||
| 260 | _c1996 | ||
| 350 | _a0 | ||
| 490 |
_aTown Planning Review _v67(2) April 1996, 161-181(21) |
||
| 520 | _aEvaluates impact fee systems as practical alternative to planning agreements. Provides classification of impact fee types used in France and the USA, comparison of these approaches, and an introduction to new concepts. Advocates changes to the statutory framework for town planning. | ||
| 650 | _aDEVELOPMENT CHARGES | ||
| 650 | _aFLAT-RATE CHARGE | ||
| 650 | _aIMPACT FEES | ||
| 650 | _aINFRASTRUCTURE CHARGES | ||
| 650 | _aPLANNING AGREEMENTS | ||
| 650 | _aPLANNING PRACTICE | ||
| 650 | _aPROJECT-BASED CHARGES | ||
| 650 | _aSITE-BY-SITE CHARGES | ||
| 650 | _aTOWN AND COUNTRY PLANNING ACT 1990 | ||
| 690 | _aPLANNING LAW AND PRACTICE | ||
| 700 | _aBooth, C. | ||
| 700 | _aHenneberry, John M. | ||
| 942 | _n0 | ||
| 948 | _c04/03/1997 | ||
| 999 |
_c9783 _d9783 |
||